000 01094cam a2200229 4500
001 ABS64581
008 011008n2001 000 0 eng u
035 _a(Sirsi) u115025
100 _aBruce, A.
245 _aTime to lay a bet on casinos
260 _c2001
490 _aEstates Gazette
_v(0140) 6 October 2001, 153(1)
520 _aIn 1999 the Home Office asked Sir Alan Budd to review the regulation of the gambling industry in the UK. Budd's report was finally published in July 2001. Discusses the report's findings and its implications for the property industry. Most notably, the report recommends deregulation across the gambling industry. One of the areas that will be most affected is the casino sector. The scaling back of regulation in this area will allow the casino business to flourish. Notes that the Budd Report will create development opportunities across the UK.
590 _aABS
650 _aGAMBLING
650 _aDEREGULATION
650 _aREFORM
650 _aCASINOS
650 _aOPPORTUNITIES
690 _aLEISURE AND RECREATION
942 _n0
999 _c68504
_d68504